Quizzes
Events
Quiz Creation
Community
Videos
Private Events
Remove Ads
Sign In
Join for FREE
Feedback
Dark Mode
Quiz Categories
Sports
Geography
Music
Movies
Television
Just For Fun
Miscellaneous
History
Literature
Language
Science
Gaming
Entertainment
Religion
Holiday
For Kids
Quiz Lab
Recent
Popular Today
Quiz Kudos Today
Editor Picks
Curator Picks
Quizzes by...
Day
Popularity
Type
Ratings
Length
Year
Community
Subscriptions
Recent Discussions
Orange Saloon
Badges
Playlists
Quests
Create
Leaderboards
Showdown
Live 5
Trivia Bingo
Activity
Puzzle Library
Sporcle Events
Private Events
Virtual Trivia
Globe League
Become a Host
Pub Owners
SporcleCon
Opinionation
Our Games
Videos
Blog
Mobile Apps
Partnerships
Remove Ads and Go Orange
Feedback
History
US Presidents
World Leaders
Politics
Nation
Discovery
War
Decade
Year
Century
Biography
Art
History
US Presidents
World Leaders
Politics
Nation
Discovery
War
Decade
Year
Century
Biography
Art
Random Quiz
Search Sporcle
×
Quiz Lab
Quiz Lab
History
2010
Type in answers that appear in a list
Type in answers that appear in a list
Classic
Best Score? Go Orange.
2010 Stats
Can you name the events of 2010?
By
chadisrad2011
7m
27 Questions
135 Plays
135 Plays
135 Plays
Comments
Comments
Give Quiz Kudos
Give Quiz Kudos
-
- Ratings
hide this ad
More Info
Replay
Link that replays current quiz
Next Quiz
Link to next quiz in quiz playlist
You Got
0%
They Got
Avg Score
45%
Avg Friend Score
Upgrade to see
Score Distribution
Jump to the score distribution portion of the page
Score
0/27
Timer
07:00
0
Plays Today
Date
Event
% Correct
12 February
Winter Olympics
91.9%
12 January
Haiti
91.1%
25 July
Wikileaks
78.5%
11 June
South Africa
77%
4 January
Dubai
68.1%
27 April
Greece
66.7%
27 February
Chile
62.2%
31 May
Gaza
54.1%
28 May
Gary Coleman
53.3%
21 November
Ireland
51.1%
10 August
The World Health Organization
48.9%
13 October
69
45.9%
23 November
Korean War
45.2%
29 November
Cancun
44.4%
Date
Event
% Correct
21 December
Total Lunar Eclipse
44.4%
29 July
Pakistan
43.7%
22 October
International Space Station
43.7%
25 October-
present
Indonesia
43%
29 May
Dennis Hopper
34.1%
20 April
Deepwater Horizon
28.9%
17 November
Antimatter
23.7%
20 May
Genome
20.7%
2 December
Arsenic
20%
11 November
South Korea
14.1%
14 April
Eyjafjallajökull
9.6%
10 April
Lech Kaczyński
7.4%
23 March
ROKS Cheonan
4.4%
Quiz Playlist
Details
Report
Send in Message
Add To Playlist
More Info:
I hope everyone taking this quiz is old enough to remember 2010.
Classic:
Type in answers that appear in a list
Quiz Source
Last Updated: Feb 16, 2017
Quiz Scoreboard
CHALLENGE
Sign Up to Join the Scoreboard
Show All
Scores
Hide
Comments
May contain spoilers
Recently Published
9x9 Crossword: Cartoon Network
by jackfrog10
Miscellaneous
3m
College Basketball Coaching Resumes
by pancakes188
Sports
9m
Billboard Blitz: Fleetwood Mac
by CooCooCachoo
Music
15s
More to Explore
Quiz From the Vault
Featured Blog Post
Where Did the Easter Bunny Come From?
hide this ad
You Might Also Like...
Tags
2000s
2010
date
Event
Today's Top Quizzes in History
Browse History
hide this ad
Today's Top Quizzes in 2010
Browse 2010
Top Contributed Quizzes in History
1
Popular People in 1991
2
Popular People in 1981
3
Popular People in 1951
4
Popular People in 1941
5
Popular People in 1986
6
Popular People in 1976
7
Popular People in 1921
8
5-to-1: 20th Century Images of War
9
I Am Born On March 28th
10
Popular People in 1946
Explore More
Trending Topics
Disney
Crossword
Kpop
Marvel
Anime
NBA
Harry Potter
WWE
The Office
Country
NFL
Pokémon
Soccer
Puzzle
Song
hide this ad
More By:
chadisrad2011
Quiz
Plays
Rating
Category
Featured
Created
Big 4 Losers
35,117
4.27
Sports
Feb 26, 2011
Disney Movie by Protagonists & Antagonists
4,184
4.33
Movies
May 15, 2011
Eminem's Top Rappers
2,873
3.86
Music
Jan 27, 2011
2000s NFL Full Season Starters
2,729
4.42
Sports
Feb 1, 2011
The Purdue Quiz
1,137
3.00
Miscellaneous
Mar 15, 2011
Go to Creator's Profile
Score Distribution
Quiz Creator Spotlight
chadisrad2011
Follow
Send a Message
Quizzes Created
-
Created Quiz Play Count
-
More By This Creator
Popular Quizzes Today
1
Find the US States - No Outlines Minefield
2
Find the Countries of Europe - No Outlines Minefield
3
The Countries of the World
4
Find the US States
5
Risky Map Clicking: Biggest States A-Z
6
US States
7
Popular People in 1961
8
Movies - When Are They Set?
More History Quizzes
I Am Born On January 9th
Quiz Lab
Trending Quizzes
Risky Map Clicking: Least Populous States A-Z
1-10 Letter G Words
1-10 Letter F Words
Risky Map Clicking: Next State Alphabetically
Adjectives in 80s TV Shows
Recently Updated
Leaping Animals
pecheneg
Reality TV Shows (A-Z)
bhenderson79
Rickey Henderson's Hall of Fame Teammates
pecheneg
Champions League XIs: Arsenal
pecheneg
Quick Pick: Celebrities in WWE's Hall of Fame
aduchscher
A-Z Keypad Blitz II
pecheneg
Multiple Oscar Actors
pecheneg
Mystery Phrase Blitz: Oscar 'Best Actors'
pecheneg
F. Scott Fitzgerald Novels
LTH
Pick 3 Villains
ddd62291
Trending Topics
Kpop
Anime
Crossword
NBA
Disney
Harry Potter
Marvel
Puzzle
Pokémon
NFL
Soccer
WWE
The Office
Song
Country
Your Account Isn't Verified!
In order to create a playlist on Sporcle, you need to verify the email address you used during registration. Go to your
Sporcle Settings
to finish the process.
Report this User
Report this user for behavior that violates our
Community Guidelines
.
Details:
Send Report
Go to the Sporcle.com Mobile Site →
Comments